Human Resource Management Concepts, Theories and Contemporary Practices
Guardado en:
| Autor principal: | |
|---|---|
| Otros Autores: | |
| Formato: | Libro |
| Lenguaje: | inglés |
| Publicado: |
Abingdon
Routledge
2025
|
| Edición: | 1st Edition |
| Materias: | |
| Etiquetas: |
Sin Etiquetas, Sea el primero en etiquetar este registro!
|
MARC
| LEADER | 00000nam a2200000 4500 | ||
|---|---|---|---|
| 001 | 0312633 | ||
| 005 | 20251029101644.9 | ||
| 020 | |a 9781032628424 | ||
| 041 | 0 | |a eng | |
| 044 | |a GB | ||
| 245 | 1 | 0 | |a Human Resource Management |b Concepts, Theories and Contemporary Practices |c R. C. Sharma and Nipun Sharma |
| 250 | |a 1st Edition | ||
| 264 | 1 | |a Abingdon |b Routledge |c 2025 | |
| 300 | |a 724 s. | ||
| 500 | |a Taylor and Francis e-books. | ||
| 610 | 2 | 0 | |a riadenie ľudských zdrojov |
| 610 | 2 | 0 | |a plánovanie personálne |
| 610 | 2 | 0 | |a manažment personálny |
| 610 | 2 | 0 | |a riadenie personálne |
| 610 | 2 | 0 | |a personalistika |
| 100 | 1 | |a Sharma, R. C. | |
| 700 | 1 | |a Sharma, Nipun | |